[Event "TCh-SCG Men"]
[Site "Budva SCG"]
[Date "2004.09.12"]
[Round "5"]
[White "Rublevsky,S"]
[Black "Misailovic,N"]
[Result "1-0"]
[WhiteElo "2686"]
[BlackElo "2349"]

1.e4 c5 2.Nf3 d6 3.Bb5+ Nd7 4.d4 Nf6 5.O-O cxd4 6.Qxd4 a6 7.Bxd7+ Bxd7 8.Bg5 e6
9.Nbd2 Bc6 10.Nc4 b5 11.Nb6 Rb8 12.Nd5 Be7 13.Nxe7 Qxe7 14.Rad1 h6 15.Bxf6 gxf6
16.Rfe1 Rd8 17.Qd2 e5 18.Nh4 d5 19.Nf5 Qc5 20.Re3 d4 21.c3 Rg8 22.cxd4 exd4
23.Nxd4 b4 24.g3 Rd7 25.Rd3 Bb7 26.Nf5 Rxd3 27.Qxd3 Qc7 28.Qd6  1-0

[Event "TCh-CRO u20"]
[Site "Rabac CRO"]
[Date "2004.09.13"]
[Round "9"]
[White "Zilic,S"]
[Black "Sipic,H"]
[Result "0-1"]
[WhiteElo "2051"]
[BlackElo "2163"]

1.e4 c5 2.Nf3 d6 3.Bb5+ Nd7 4.O-O a6 5.Bxd7+ Bxd7 6.d4 cxd4 7.Qxd4 e5 8.Qe3 Nf6
9.Nc3 Be7 10.Ne2 O-O 11.h3 Rc8 12.g4 Rxc2 13.Nc3 h5 14.g5 Ne8 15.h4 f5 16.Ne1 Rxc3
17.bxc3 Bb5 18.exf5 Bxf1 19.f6 Bb5 20.fxe7 Qxe7 21.Ng2 Bc6 22.Qe2 Rf3 23.Nf4 Qf7
24.g6 Qf5 25.Qc4+ Kh8  0-1

[Event "2nd Chiuso GM"]
[Site "Rome ITA"]
[Date "2004.09.13"]
[Round "3"]
[White "Corvi,M"]
[Black "Vocaturo,D"]
[Result "1-0"]
[WhiteElo "2323"]
[BlackElo "2221"]

1.e4 c5 2.Nf3 d6 3.Bb5+ Nd7 4.O-O Nf6 5.Re1 a6 6.Bf1 e5 7.c3 Be7 8.d4 O-O
9.a4 b6 10.Nbd2 Bb7 11.d5 Re8 12.g3 Bf8 13.Nh4 g6 14.Ra3 Bg7 15.Rb3 Qc7 16.c4 Nf8
17.Bh3 h6 18.Qc2 N8h7 19.f4 exf4 20.gxf4 Bc8 21.Bxc8 Qxc8 22.Ndf3 Qh3 23.e5 dxe5
24.fxe5 Ng4 25.Qg2 Qxg2+ 26.Kxg2 Bxe5 27.h3 Bf6 28.Rxe8+ Rxe8 29.hxg4 Re4
30.Kg3 Ng5 31.Nxg5 Rxc4 32.Be3 hxg5 33.Nf3 Rxa4 34.Rxb6 Kg7 35.Bxc5 Ra5 36.b4 Ra3
37.Bf8+ Kxf8 38.Rxf6 Rd3 39.Rxa6 Rxd5 40.Ra5 Rd3 41.Rxg5 Rb3 42.Rb5 Ke7 43.g5 Kd6
44.Kf4 Rb1 45.Rb7 Ke6 46.Ke4 f5+ 47.Kf4 Rf1 48.Rb6+ Kf7 49.b5 Kg7 50.Rd6  1-0

[Event "TCh-SCG 2nd Liga"]
[Site "Sutomore SCG"]
[Date "2004.09.13"]
[Round "6"]
[White "Gavric,M"]
[Black "Mihajlovic,V"]
[Result "1-0"]
[WhiteElo "2396"]
[BlackElo "2359"]

1.e4 c5 2.Nf3 d6 3.Bb5+ Nd7 4.d4 Nf6 5.Nc3 cxd4 6.Qxd4 e5 7.Qd3 h6 8.Be3 Be7
9.a4 a6 10.Bc4 Nb6 11.Bxb6 Qxb6 12.O-O Be6 13.a5 Qc5 14.Bb3 Rc8 15.Rfd1 O-O
16.h3 Rfd8 17.Nd2 Kf8 18.Nf1 Bxb3 19.cxb3 Qb4 20.Nd2 Qd4 21.Qe2 Qb4 22.Qf3 Rc6
23.Ra4 Qc5 24.Nc4 Qa7 25.Nb6 Qb8 26.Raa1 Nd7 27.Nxd7+ Rxd7 28.Nd5 Rd8 29.Nb6 Qc7
30.Nc4 Qc8 31.Rd5 Qe6 32.Rad1 Rdc8 33.R1d3 g6 34.Kh2 Kg7 35.Qd1 Rd8 36.g3 f6
37.Kg2  1-0

[Event "ch-Euro Seniors"]
[Site "Arvier ITA"]
[Date "2004.09.14"]
[Round "5"]
[White "Etmans,M"]
[Black "Chernikov,O"]
[Result "1/2-1/2"]
[WhiteElo "2213"]
[BlackElo "2412"]

1.e4 c5 2.Nf3 d6 3.Bb5+ Bd7 4.Bxd7+ Nxd7 5.O-O Ngf6 6.Qe2 e6 7.c3 Be7 8.d4 O-O
9.e5 Ne8 10.exd6 Nxd6 11.Rd1 Qe8 12.Bf4 Nc8 13.Nbd2 Bd6 14.Bxd6 Nxd6 15.Ne4 Nxe4
16.Qxe4 Rb8 17.c4 Nf6 18.Qf4 cxd4 19.Qxd4 Qa4 20.Ne5 Rbc8 21.Rd3 Qb4 22.a3 Qc5  1/2-1/2

[Event "3rd Autumn"]
[Site "Alushta UKR"]
[Date "2004.09.15"]
[Round "8"]
[White "Ovetchkin,R"]
[Black "Paragua,M"]
[Result "1-0"]
[WhiteElo "2475"]
[BlackElo "2529"]

1.e4 c5 2.Nf3 d6 3.Bb5+ Nc6 4.O-O Bd7 5.Re1 Nf6 6.h3 Ne5 7.Bxd7+ Nfxd7 8.Nh2 g6
9.d3 Bg7 10.Na3 Rb8 11.c3 b5 12.d4 b4 13.Nc2 bxc3 14.bxc3 Nc6 15.Nf3 O-O
16.Ne3 Qa5 17.Bd2 Qa6 18.d5 Nce5 19.Nxe5 Nxe5 20.Qc2 Qd3 21.Qxd3 Nxd3 22.Reb1 Nb2
23.Kf1 Rb6 24.Ke2 Rfb8 25.a4 Bh6 26.Nf1 Bg7 27.Ne3 Rb3 28.Ra2 c4 29.Rc1 f6
30.Rc2 Bh6 31.Nf1 Bg7 32.g3 Nd3 33.Ne3 Nc5 34.Nxc4 Nxe4 35.Na5 Rb1 36.Nc6 R8b7
37.a5 a6 38.Nb4 f5 39.Nxa6 R1b3 40.Nb4 Bxc3 41.a6 Rb8 42.Nc6 Ra8 43.Be1 Bf6
44.a7 Kf7 45.Na5 Rb5 46.Rc7 Rxd5 47.Nc4 Rb5 48.f3 d5 49.Na3 Rb3 50.fxe4 fxe4
51.Nc2 d4 52.Nb4 d3+ 53.Kf1 e3 54.Nxd3 Rxd3 55.Rb7 Rdd8 56.Ke2 Ke6 57.Bb4 Bd4
58.Ra5 Bf6 59.Bc5 Rdc8 60.Rab5 Rxc5 61.Rxc5 Bd4 62.Rcc7  1-0

[Event "ch-Euro Seniors"]
[Site "Arvier ITA"]
[Date "2004.09.15"]
[Round "6"]
[White "Asmundsson,I"]
[Black "Sorokin,Valen"]
[Result "1-0"]
[WhiteElo "2295"]
[BlackElo "2388"]

1.e4 c5 2.Nf3 d6 3.Bb5+ Bd7 4.Bxd7+ Qxd7 5.c4 g6 6.O-O Bg7 7.Nc3 Nc6 8.d3 Nf6
9.Rb1 O-O 10.Ng5 h6 11.Nh3 e6 12.Nf4 a6 13.a3 Nd4 14.Be3 b5 15.cxb5 axb5
16.Bxd4 cxd4 17.Na2 Rfc8 18.Nb4 Rc5 19.h3 Qc7 20.Ne2 Nd7 21.f4 Qd8 22.Qe1 Rcc8
23.Qf2 Qf6 24.Rbc1 Nc5 25.Rc2 Nb3 26.Nc1 Nc5 27.Ne2 Nb3 28.Nc1 Na5 29.Nca2 Rc5
30.Rfc1 Nb3 31.e5 Rxc2 32.Qxc2 Qxf4 33.Qxb3 Bxe5 34.Qd1 Qh2+ 35.Kf1 Bf4 36.Qf3 Bxc1
37.Qxa8+ Kg7 38.Nxc1 Qh1+ 39.Ke2 Qxc1 40.Qc6 Qxb2+ 41.Nc2 d5 42.Kd2 Kf6 43.Qc5 e5
44.Qd6+ Kf5 45.g4+ Kf4 46.Qf6+ Kg3 47.Qxe5+ Kxh3 48.Qxd4 Qxd4 49.Nxd4 Kxg4
50.Nxb5 h5 51.Ke2 Kg3 52.Kf1 h4 53.Kg1 f5 54.a4 f4 55.Nd4 h3 56.a5 h2+ 57.Kh1 g5
58.a6 g4 59.Ne2+ Kf3 60.Nxf4 Kxf4 61.a7  1-0

[Event "ch-Euro Seniors"]
[Site "Arvier ITA"]
[Date "2004.09.18"]
[Round "9"]
[White "Etmans,M"]
[Black "Birens,EA"]
[Result "1-0"]
[WhiteElo "2213"]
[BlackElo "2116"]

1.e4 c5 2.Nf3 d6 3.Bb5+ Nd7 4.O-O Nf6 5.Re1 a6 6.Bxd7+ Nxd7 7.c3 g6 8.d4 Bg7
9.e5 O-O 10.exd6 exd6 11.Bf4 cxd4 12.Bxd6 Re8 13.cxd4 Nf6 14.Rxe8+ Nxe8 15.Be5 f6
16.Qb3+ Kh8 17.Bg3 b5 18.Nc3 Bb7 19.d5 Qd7 20.Re1 Bf8 21.a3 Rd8 22.h3 Ng7
23.Rd1 Nf5 24.Bh2 Re8 25.Kf1 Kg7 26.Ne2 Bd6 27.Bxd6 Qxd6 28.g3 Rd8 29.Nf4 Bc8
30.Rc1 Ne7 31.Kg2 Bf5 32.Ne6+ Bxe6 33.dxe6 Nd5 34.Re1 Re8 35.Rd1 Rd8 36.e7 Nf4+
37.gxf4 Qxe7 38.Rxd8 Qxd8 39.Qe3 Qd6 40.Qd4 Qc6 41.Kg3 h6 42.Qc3 Qd6 43.h4 Qd7
44.Nd4 h5 45.Qc7  1-0

[Event "TCh-BEL 2004-5"]
[Site "Belgium BEL"]
[Date "2004.09.19"]
[Round "1"]
[White "Vandenbussche,T"]
[Black "Cools,G"]
[Result "1/2-1/2"]
[WhiteElo "2167"]
[BlackElo "2321"]

1.e4 c5 2.Nf3 d6 3.Bb5+ Bd7 4.Bxd7+ Qxd7 5.c4 Nc6 6.O-O g6 7.d4 cxd4 8.Nxd4 Bg7
9.Be3 Nf6 10.f3 O-O 11.Nc3 Rfc8 12.b3 Qd8 13.Rc1 Qa5 14.Qd2 a6 15.Nxc6 Rxc6
16.Rfd1 b5 17.c5 dxc5 18.Nd5 Qxd2 19.Rxd2 Nxd5 20.exd5 Rd6 21.Rxc5 Rad8 22.Rc6 f5
23.Rxd6 Rxd6 24.Bc5 Rd7 25.b4 Kf7 26.Kf2 Be5 27.g3 Bd6 28.Ke3 Rc7 29.Kd4 h5
30.f4 h4 31.a3 hxg3 32.hxg3 g5 33.Rh2 gxf4 34.gxf4 Bxf4 35.Rf2 Bg5 36.Rxf5+ Bf6+
37.Ke4 Kg6 38.Rf3  1/2-1/2

[Event "Tatry Open"]
[Site "Tatranske Zruby SVK"]
[Date "2004.09.25"]
[Round "1"]
[White "Zambor,N"]
[Black "Koci,L"]
[Result "1-0"]
[WhiteElo "2333"]
[BlackElo "2049"]

1.e4 c5 2.Nf3 d6 3.Bb5+ Bd7 4.Bxd7+ Qxd7 5.O-O Nc6 6.c3 Nf6 7.d4 cxd4 8.cxd4 d5
9.e5 Ne4 10.Ne1 h6 11.f3 Ng5 12.Nc3 e6 13.Be3 Be7 14.Nd3 b6 15.Ne2 O-O 16.Qd2 Rfd8
17.Nef4 Rac8 18.Nh5 Rc7 19.Qe1 Nh7 20.Qg3 Bf8 21.Nf2 Ne7 22.Ng4 Nf5 23.Nxh6+ Nxh6
24.Bxh6 g6 25.Bxf8 Kxf8 26.Nf6 Nxf6 27.exf6 Qd6 28.Qg5 Kg8 29.f4 Rdc8 30.h4 Rc2
31.h5 Qc7 32.Qh6 Rxg2+ 33.Kxg2 Qc2+ 34.Rf2 Qe4+ 35.Kh2  1-0

[Event "TCh-BEL 2004-5"]
[Site "Belgium BEL"]
[Date "2004.09.26"]
[Round "2"]
[White "Coenen,N"]
[Black "Cools,G"]
[Result "0-1"]
[WhiteElo "2386"]
[BlackElo "2321"]

1.e4 c5 2.Nf3 d6 3.Bb5+ Bd7 4.Bxd7+ Qxd7 5.O-O Nf6 6.Re1 Nc6 7.c4 g6 8.d4 cxd4
9.Nxd4 Bg7 10.Nc3 O-O 11.f3 Rfc8 12.Nde2 Qd8 13.Be3 Nd7 14.Rb1 a6 15.a4 Qa5
16.Nd5 e6 17.Ndf4 Nde5 18.b3 Nb4 19.Nd4 d5 20.exd5 exd5 21.Nxd5 Nxd5 22.cxd5 Qxd5
23.Ne2 Qxd1 24.Rbxd1 Rc2 25.Nf4 b5 26.Rd2 Rxd2 27.Bxd2 bxa4 28.bxa4 Rd8 29.Be3 Nc4
30.Bf2 Nb2 31.Bh4 Bd4+ 32.Kf1 Rc8 33.Nd5 Kg7 34.a5 Rc5 35.Ne7 Nc4 36.Ke2 Nxa5
37.Kd3 Bb2 38.Bg3 Rc3+ 39.Ke4 Rc2 40.Rb1 Nc4 41.Nd5 Rxg2 42.Rd1 h5 43.Nc7 Rd2
44.Rxd2 Nxd2+ 45.Kd3 Nxf3 46.Nxa6 h4 47.Bf2 h3 48.Bg3 f5 49.Ke2 Nd4+ 50.Kf1 Ne6
51.Nc7 Nxc7 52.Bxc7 Kf6 53.Kg1 Be5 54.Bd8+ Ke6 55.Bb6 g5 56.Be3 g4 57.Bb6 Kd5
58.Kh1 Ke4 59.Bf2 Kf3 60.Bd4 Bf4 61.Bc5 Ke2 62.Bd4 Bd2 63.Bf2 f4 64.Bh4 f3
65.Bf2 Bf4 66.Bg1 Bxh2  0-1

[Event "Tatry Open"]
[Site "Tatranske Zruby SVK"]
[Date "2004.09.26"]
[Round "2"]
[White "Riabov,A"]
[Black "Motuz,K"]
[Result "1/2-1/2"]
[WhiteElo "2130"]
[BlackElo "2318"]

1.e4 c5 2.Nf3 d6 3.Bb5+ Nc6 4.d4 cxd4 5.Qxd4 Bd7 6.Bxc6 bxc6 7.c4 Qb6 8.Nc3 Qxd4
9.Nxd4 g6 10.c5 Bg7 11.Be3 Nf6 12.cxd6 exd6 13.Rd1 O-O 14.O-O Rfe8 15.Nf3 Nxe4
16.Nxe4 Rxe4 17.Rxd6 Be8 18.b3 a5 19.Nd2 Rb4 20.Nc4 Bf8 21.Rd3 Rbb8 22.Rfd1 f6
23.f3 Bf7 24.Nb6 Rxb6 25.Bxb6 Bd5 26.Rxd5 cxd5 27.Rxd5 a4 28.Rd8 axb3 29.axb3 Ra1+
30.Kf2 Kf7 31.Rd7+  1/2-1/2

[Event "1st Central League"]
[Site "Vrnjacka Banja SCG"]
[Date "2004.09.26"]
[Round "3"]
[White "Simonovic,A"]
[Black "Smolovic,M"]
[Result "1/2-1/2"]
[WhiteElo "2418"]
[BlackElo "2382"]

1.e4 c5 2.Nf3 d6 3.Bb5+ Nd7 4.O-O Nf6 5.Nc3 a6 6.Bxd7+ Nxd7 7.d4 cxd4 8.Qxd4 e6
9.Bg5 Qc7 10.Rad1 f6 11.Bc1 Ne5  1/2-1/2

[Event "79th ch-ARG"]
[Site "Buenos Aires ARG"]
[Date "2004.09.27"]
[Round "5"]
[White "Rosito,J"]
[Black "Demaria,J"]
[Result "1-0"]
[WhiteElo "2424"]
[BlackElo "2275"]

1.e4 c5 2.Nf3 d6 3.Bb5+ Bd7 4.Bxd7+ Nxd7 5.O-O Ngf6 6.d3 g6 7.Qe2 Bg7 8.Ng5 O-O
9.f4 e5 10.Nc3 exf4 11.Bxf4 Ne5 12.Nf3 Nh5 13.Bd2 c4 14.Rab1 cxd3 15.cxd3 Rc8
16.Nd5 Nxf3+ 17.Qxf3 Rc2 18.Bc3 Be5 19.d4 Bxh2+ 20.Kxh2 Qh4+ 21.Qh3 Qxe4
22.Ne3 Re2 23.Rbe1 Rxe1 24.Rxe1 Qf4+ 25.g3 Qg5 26.Qh4 Qb5 27.d5 Re8 28.Qd4 f6
29.g4 Re5 30.gxh5 Qd7 31.Ng4 Rxh5+ 32.Kg3 Rg5 33.Bd2  1-0

[Event "Monarch Assurance"]
[Site "Port Erin IOM"]
[Date "2004.09.27"]
[Round "3"]
[White "Li Ruofan"]
[Black "Rowson,J"]
[Result "1/2-1/2"]
[WhiteElo "2414"]
[BlackElo "2558"]

1.e4 c5 2.Nf3 d6 3.Bb5+ Bd7 4.Bxd7+ Qxd7 5.c4 Nf6 6.Nc3 g6 7.d4 cxd4 8.Nxd4 Bg7
9.f3 O-O 10.O-O Rc8 11.b3 d5 12.exd5 Nxd5 13.Nxd5 e6 14.Bh6 exd5 15.Bxg7 Kxg7
16.cxd5 Qxd5 17.Ne2 Qe5 18.Qd4 Nc6 19.Qxe5+ Nxe5 20.Rac1 Rxc1 21.Rxc1 Rd8
22.Rc7 Rd2 23.Kf2 Rxa2 24.Rxb7 a5 25.Ke3 Nc6 26.g4 Rb2 27.Nd4 Nxd4 28.Kxd4 Rxh2
29.Ke3 Rb2 30.Rb5 Ra2 31.b4 axb4 32.Rxb4 h5 33.gxh5 gxh5 34.Kf4 Rg2 35.Rb5 Kg6
36.Rb8 Kh7 37.Rb5 Kg6 38.Rb8 Kg7 39.Rb5 Kh6 40.Rb8 Rg7 41.Rh8+ Kg6 42.Kg3 Rh7
43.Rb8 f6 44.Ra8 Re7 45.Rg8+ Rg7 46.Rh8 Kg5 47.Kh3 Rg6 48.Kg3 Kf5+ 49.Kf2 Kg5
50.Kg3 Rg7 51.Kh3 Kf4 52.Rxh5 f5 53.Kh2 Rg8 54.Kh1 Rg3 55.Kh2 Rxf3 56.Kg2 Ke3
57.Rh8 Rf2+ 58.Kg1 Rf4 59.Ra8 Kf3 60.Ra3+ Kg4 61.Kg2 Rb4 62.Rc3 f4 63.Ra3 Rb2+
64.Kf1 f3 65.Ra8 Rb1+  1/2-1/2

[Event "Monarch Assurance"]
[Site "Port Erin IOM"]
[Date "2004.09.27"]
[Round "3"]
[White "Milligan,H"]
[Black "Kolbus,D"]
[Result "0-1"]
[WhiteElo "2077"]
[BlackElo "2303"]

1.e4 c5 2.Nf3 d6 3.Bb5+ Nd7 4.d4 cxd4 5.Qxd4 a6 6.Bc4 Ngf6 7.Nc3 e5 8.Qd3 Nc5
9.Qe2 b5 10.Bd5 Nxd5 11.Nxd5 Bb7 12.c4 bxc4 13.Qxc4 Be7 14.Be3 Rc8 15.O-O O-O
16.Rfd1 a5 17.Bxc5 Rxc5 18.Qb3 Bc6 19.Rac1 Bxd5 20.exd5 Qc7 21.Rxc5 Qxc5
22.Qc3 Qxc3 23.bxc3 Rb8 24.Kf1 Rb2 25.Rd2 Rb1+ 26.Ke2 Rc1 27.Kd3 f5 28.Kc4 Rb1
29.Re2 Kf7 30.Ne1 Rd1 31.Nd3 Bf6 32.g3 Ra1 33.Kb3 Rd1 34.Kc2 Rh1 35.h4 e4
36.Ne1 Be5 37.c4 Rh2 38.Kd1 Bc3 39.a3 Rh1 40.a4 Kf6  0-1

[Event "TCh-Vojvodina"]
[Site "Sombor SCG"]
[Date "2004.09.27"]
[Round "4"]
[White "Popovic,Du"]
[Black "Dekic,J"]
[Result "1-0"]
[WhiteElo "2460"]
[BlackElo "2317"]

1.e4 c5 2.Nf3 d6 3.Bb5+ Bd7 4.Bxd7+ Qxd7 5.O-O Nf6 6.e5 dxe5 7.Nxe5 Qc7 8.d4 cxd4
9.Bf4 Qc5 10.Nd2 Nc6 11.Nb3 Qd5 12.Nxc6 bxc6 13.Nxd4 Rd8 14.c3 g5 15.Bg3 Bg7
16.Qa4 Rc8 17.Rfe1 Ne4 18.Rad1 Nxg3 19.Ne6 fxe6 20.Rxd5 exd5 21.hxg3 Rc7
22.Qa5 Rd7 23.Qc5 Rc7 24.Qd6 Rb7 25.Qxc6+ Rd7 26.Rd1 d4 27.cxd4 Rf8 28.Qb5 Rf6
29.Rc1 Rd6 30.Rc8+ Kf7 31.Qf5+ Bf6 32.Qxh7+ Bg7 33.d5 Rd8 34.Qh5+ Kf8 35.Qxg5 Bxb2
36.Qf5+ Bf6 37.Rxd8+ Rxd8 38.g4 Kg8 39.g5 Bd4 40.Qe6+ Kh8 41.Qxe7  1-0

[Event "TCh-Vojvodina"]
[Site "Sombor SCG"]
[Date "2004.09.27"]
[Round "4"]
[White "Kovacevic,Draga"]
[Black "Vrbljanac,A"]
[Result "1/2-1/2"]
[WhiteElo "2309"]
[BlackElo "2180"]

1.e4 c5 2.Nf3 d6 3.Bb5+ Bd7 4.Bxd7+ Qxd7 5.O-O Nc6 6.Re1 Nf6 7.d4 cxd4 8.Nxd4 g6
9.Nxc6 bxc6 10.c4 Bg7 11.Nc3 O-O 12.Bg5 Qe6 13.Qe2 Nd7 14.Rac1 h6 15.Bh4 Ne5
16.b3 g5 17.Bg3 Ng6 18.Nd1 Bd4 19.Kh1 Kg7 20.Qd2 Qf6 21.Nc3 Bxc3 22.Qxc3 h5
23.e5 dxe5 24.Bxe5 Nxe5 25.Qxe5 Rfd8 26.Qa5 Kg6 27.f3 Rd3 28.Rcd1 Rxf3 29.h3 g4
30.hxg4 Rh3+ 31.gxh3 Qf3+ 32.Kh2  1/2-1/2

[Event "ZAZ Cup"]
[Site "Zaporozhye UKR"]
[Date "2004.09.27"]
[Round "10"]
[White "Teterev,V"]
[Black "Maximov,D"]
[Result "1-0"]
[WhiteElo "2460"]
[BlackElo "2400"]

1.e4 c5 2.Nf3 d6 3.Bb5+ Nc6 4.O-O Nf6 5.Re1 Bd7 6.c3 a6 7.Bf1 Bg4 8.d4 cxd4
9.cxd4 Bxf3 10.gxf3 e6 11.d5 Ne5 12.f4 Ned7 13.dxe6 fxe6 14.Nc3 g6 15.Bc4 e5
16.Be3 exf4 17.Bxf4 Ne5 18.Bb3 Qd7 19.Bg3 Qg4 20.Qxg4 Nfxg4 21.Kg2 Nd3 22.Re2 Nc5
23.Bd5 O-O-O 24.b4 Nd7 25.Be6 Ne5 26.Bxe5 dxe5 27.Rd1 Bxb4 28.Nd5 Bc5 29.Rc2  1-0

[Event "ZAZ Cup"]
[Site "Zaporozhye UKR"]
[Date "2004.09.27"]
[Round "10"]
[White "Pavlov,Ma"]
[Black "Rogovski,V"]
[Result "0-1"]
[WhiteElo "2431"]
[BlackElo "2486"]

1.e4 c5 2.Nf3 d6 3.Bb5+ Bd7 4.Bxd7+ Qxd7 5.O-O Nf6 6.Re1 Nc6 7.c3 e6 8.d4 cxd4
9.cxd4 d5 10.e5 Ne4 11.Re2 Be7 12.Ne1 f5 13.Nc2 O-O 14.Nd2 Nxd2 15.Bxd2 Rac8
16.Re3 Rc7 17.f4 Rfc8 18.Rc1 Nb8 19.Ne1 Rxc1 20.Bxc1 Qb5 21.Nf3 Rc4 22.h3 Qc6
23.Bd2 Qb6 24.Rb3 Qa6 25.Be3 Nc6 26.Kh2 Na5 27.Rd3 Rc7 28.b3 Nc6 29.Rd2 Nb4
30.Qb1 Qa3 31.Re2 Qa6 32.Rd2 Rc3 33.Bf2 Qc6 34.Ne1 Rc1 35.Qb2 Qc3 36.a3 Qxb2
37.Rxb2 Nc6 38.b4 Rc3 39.Rc2 Rb3 40.Kg1 a6 41.Ra2 g5 42.fxg5 Bxg5 43.Kf1 Be3
44.Nc2 Bxf2 45.Kxf2 Rc3 46.a4 Rb3 47.b5 axb5 48.axb5 Rxb5 49.Ra8+ Kf7 50.Ke2 Rb2
51.Kd3 Rb3+ 52.Kd2 Rg3 53.Rc8 Rxg2+ 54.Kd3 Rg3+ 55.Kd2 f4 56.Rc7+ Kg6 57.Rxb7 Kf5  0-1

[Event "TCh-Vojvodina"]
[Site "Sombor SCG"]
[Date "2004.09.28"]
[Round "6"]
[White "Popovic,Du"]
[Black "Grujic,Z"]
[Result "1/2-1/2"]
[WhiteElo "2460"]
[BlackElo "2375"]

1.e4 c5 2.Nf3 d6 3.Bb5+ Nd7 4.d4 Nf6 5.Nc3 a6 6.Bxd7+ Nxd7 7.O-O e6 8.Bg5 Be7
9.Bxe7 Qxe7 10.a4 b6 11.dxc5 dxc5 12.e5 Bb7 13.Qe2 O-O 14.Ne4 Rfd8 15.Rfd1 b5
16.b3 c4 17.bxc4 bxa4 18.Qe3 Bxe4 19.Qxe4 h6 20.Rd6 Nc5 21.Qd4 Qc7 22.Qf4 Nb7
23.Rd3 Nc5 24.Rd6 Nb7 25.Rd3 Nc5 26.Rd6  1/2-1/2

[Event "Tatry Open"]
[Site "Tatranske Zruby SVK"]
[Date "2004.09.28"]
[Round "5"]
[White "Klemanic,E"]
[Black "Svonavec,S"]
[Result "1-0"]
[WhiteElo "2248"]
[BlackElo "2076"]

1.e4 c5 2.Nf3 d6 3.Bb5+ Bd7 4.Bxd7+ Qxd7 5.O-O Nc6 6.c3 g6 7.d4 cxd4 8.cxd4 Bg7
9.Nc3 e6 10.Bf4 Rd8 11.d5 Ne5 12.dxe6 Nxf3+ 13.Qxf3 fxe6 14.Rad1 Qc6 15.Qg4 Kf7
16.Bxd6 Rxd6 17.Qf4+ Ke7 18.e5 Rxd1 19.Rxd1 h6 20.Qd4 g5 21.Qd8+ Kf7 22.Rd7+ Qxd7
23.Qxd7+ Ne7 24.Qxb7 Bxe5 25.Qxa7 Rd8 26.g3 Rd2 27.Qe3 Bxc3 28.Qxc3 Rd6 29.a4 Nd5
30.Qd3 Kg8 31.a5 Rc6 32.a6  1-0

[Event "79th ch-ARG"]
[Site "Buenos Aires ARG"]
[Date "2004.09.29"]
[Round "7"]
[White "Cereijo,N"]
[Black "Demaria,J"]
[Result "1/2-1/2"]
[WhiteElo "2121"]
[BlackElo "2275"]

1.e4 c5 2.Nf3 d6 3.Bb5+ Bd7 4.Bxd7+ Qxd7 5.O-O Nc6 6.b3 Nf6 7.Qe2 e6 8.Bb2 Be7
9.d4 cxd4 10.Nxd4 O-O 11.c4 Rad8 12.Rd1 a6 13.Nc3 Qc7 14.Rac1 Qa5 15.Nc2 Rfe8
16.Ne3 Qg5 17.g3 Qa5 18.f4 Bf8 19.Qf3 Rc8 20.g4 b5 21.g5 Nd7 22.a3 Qb6 23.cxb5 Nd4
24.Qf2 Nxb3 25.Rb1 axb5 26.Ng4 Nbc5 27.Ba1 d5 28.Kh1 dxe4 29.Qd4 e5 30.fxe5 Qe6
31.Rg1 Nxe5 32.Nxe5 Qxe5 33.Qxe5 Rxe5 34.Nxb5 Rf5 35.Bd4 Ne6 36.Be3 Rf3 37.Rbe1 Rc2
38.Nd4 Nxd4 39.Bxd4 Rxa3 40.Rxe4 Ra8 41.Rge1 Rcc8 42.h4 Bb4 43.R1e2 Bd6 44.Kg2 Bf8
45.h5 Ra5 46.Re5 Ra4 47.Bb2 Rh4 48.Re8 Rxe8 49.Rxe8 Rxh5 50.Bc1 f6 51.gxf6 Kf7
52.fxg7 Bxg7 53.Ra8 Rc5 54.Bf4 Kg6 55.Ra6+ Kf5 56.Bh6 Bd4 57.Rd6 Rc2+ 58.Kf3 Bf6
59.Rd5+ Kg6 60.Be3 Rc3 61.Rd6 Rc4 62.Rd1 h5 63.Rg1+ Kf5 64.Rc1 Ra4 65.Rc5+ Kg6
66.Rc6 h4 67.Bf4 Kf7 68.Rc7+ Kg6 69.Rc6 Ra5 70.Kg4 Rd5 71.Rb6 Rd4 72.Kf3 Kf7
73.Rb7+ Ke8 74.Rb6 Be7 75.Rb8+ Kd7 76.Rh8 Bf6 77.Rh5 Ke6 78.Rh6 Kf5 79.Rh5+ Kg6
80.Ra5 Rd1 81.Ra2 Rf1+ 82.Rf2 Rb1 83.Kg4 Rb4 84.Kh3 Kh5 85.Rf3 Rb1 86.Bh2 Bg5
87.Be5 Rh1+ 88.Kg2 Re1 89.Bf6 Be3 90.Rh3 Rg1+ 91.Kh2  1/2-1/2

[Event "Monarch Assurance"]
[Site "Port Erin IOM"]
[Date "2004.09.29"]
[Round "5"]
[White "Sarakauskas,G"]
[Black "Gottschlich,C"]
[Result "0-1"]
[WhiteElo "2442"]
[BlackElo "2382"]

1.e4 c5 2.Nf3 d6 3.Bb5+ Bd7 4.Bxd7+ Qxd7 5.c4 Nc6 6.d4 cxd4 7.Nxd4 g6 8.Nc3 Bg7
9.Be3 Nf6 10.f3 O-O 11.O-O a6 12.Kh1 e6 13.Qd2 Nxd4 14.Bxd4 b5 15.cxb5 axb5
16.a3 Rfd8 17.Rfd1 Rab8 18.Rac1 Qb7 19.Na2 d5 20.Be5 Nxe4 21.fxe4 Bxe5 22.exd5 Rxd5
23.Qe2 Rbd8 24.Nc3 Rxd1+ 25.Rxd1 Rxd1+ 26.Qxd1 b4 27.axb4 Qxb4 28.Qc1 Qh4
29.Qg1 Qf4 30.Nd1 Qd2 31.Qf1 Bxb2 32.Nxb2 Qxb2 33.h3 Qd4 34.Kh2 e5 35.Qb5 h5
36.Qa6 Kg7 37.Qa3 e4 38.Kg3 Qd3+ 39.Qxd3 exd3 40.Kf3 Kf6 41.Ke3 Kg5 42.Kxd3 Kf4
43.Ke2 Kg3 44.Kf1 h4 45.Kg1 f6 46.Kh1 f5 47.Kg1 f4 48.Kh1 f3 49.Kg1 f2+  0-1

[Event "Monarch Assurance"]
[Site "Port Erin IOM"]
[Date "2004.09.29"]
[Round "5"]
[White "Ramaswamy,A"]
[Black "Agrest,E"]
[Result "0-1"]
[WhiteElo "2299"]
[BlackElo "2602"]

1.e4 c5 2.Nf3 d6 3.Bb5+ Nd7 4.d4 Nf6 5.Nc3 cxd4 6.Qxd4 e5 7.Qd3 h6 8.O-O Be7
9.Nd2 O-O 10.Bxd7 Bxd7 11.Nc4 Be6 12.Ne3 Rc8 13.Ncd5 Nxd5 14.Nxd5 Bxd5 15.Qxd5 Qd7
16.c3 Qc6 17.Rd1 a6 18.Be3 Qxd5 19.Rxd5 Rc4 20.f3 f5 21.exf5 Rxf5 22.Bd2 Kf7
23.b3 Rc6 24.c4 Ke6 25.Bb4 Bd8 26.Ba5 Bg5 27.Rd3 e4 28.Rd5 Rxd5 29.cxd5+ Kxd5
30.Rd1+ Ke5 31.fxe4 Kxe4 32.Re1+ Be3+ 33.Kf1 d5  0-1

[Event "ch-ISR"]
[Site "Ramat Aviv ISR"]
[Date "2004.09.29"]
[Round "9"]
[White "Krayz,A"]
[Black "Zoler,D"]
[Result "0-1"]
[WhiteElo "2424"]
[BlackElo "2518"]

1.e4 c5 2.Nf3 d6 3.Bb5+ Bd7 4.Bxd7+ Qxd7 5.c4 Nc6 6.Nc3 Nf6 7.d4 cxd4 8.Nxd4 g6
9.O-O Bg7 10.Nde2 O-O 11.Bg5 h6 12.Be3 Rac8 13.Qd2 Kh7 14.b3 Qd8 15.f3 Qa5
16.Rfd1 a6 17.a4 Rfd8 18.Rab1 e6 19.b4 Qc7 20.a5 Nd7 21.f4 Ncb8 22.Qxd6 Qxc4
23.Qe7 Kg8 24.e5 Nc6 25.Qh4 Ndxe5 26.Rxd8+ Rxd8 27.b5 axb5 28.Rxb5 Nd3 29.Rb6 Rd7
30.Nb5 Qc2 31.Ng3 Ndb4 32.f5 Rd1+ 33.Nf1 Qxf5 34.Qf4 Nd5 35.Qxf5 gxf5 36.Rxb7 Nxe3
37.Kf2 Rxf1+  0-1

[Event "Tatry Open"]
[Site "Tatranske Zruby SVK"]
[Date "2004.09.30"]
[Round "7"]
[White "Seitler,A"]
[Black "Taborsky,R"]
[Result "1-0"]
[WhiteElo "2191"]
[BlackElo "2278"]

1.e4 c5 2.Nf3 d6 3.Bb5+ Bd7 4.Bxd7+ Nxd7 5.b3 Ngf6 6.Qe2 e6 7.Bb2 Be7 8.O-O O-O
9.c4 a6 10.d4 cxd4 11.Nxd4 Qc7 12.Nc3 b6 13.Rad1 Rfe8 14.f4 h6 15.Rd3 Bf8
16.Rg3 Ra7 17.Kh1 Nc5 18.e5 dxe5 19.fxe5 Nh7 20.Ne4 Nxe4 21.Qxe4 Qc5 22.Bc1 g6
23.Be3 Qc8 24.Qh4 Rd7 25.Nf3 Qd8 26.Qxd8 Rexd8 27.Bxb6 Rb8 28.Be3 Bg7 29.Rg4 Rbd8
30.Rd4 g5 31.Rfd1 Rxd4 32.Rxd4 Rxd4 33.Bxd4 g4 34.Ne1 Kf8 35.Nd3 Ke8 36.Kg1 Nf8
37.Kf2 Ng6 38.g3 Kd7 39.Ke3 h5 40.Ke4 Kc6 41.b4 Bf8 42.a4 h4 43.b5+ axb5
44.axb5+ Kb7 45.Nf2  1-0

[Event "IMA Classic"]
[Site "Gausdal NOR"]
[Date "2004.10.01"]
[Round "11"]
[White "Soderberg,P"]
[Black "Bjerke,R"]
[Result "1/2-1/2"]
[WhiteElo "2268"]
[BlackElo "2232"]

1.e4 c5 2.Nf3 d6 3.Bb5+ Bd7 4.a4 Nc6 5.O-O Nf6 6.Re1 a6 7.Bxc6 Bxc6 8.e5 dxe5
9.Nxe5 Qd5 10.Nxc6 Qxc6 11.a5 e6 12.d3 Be7 13.Nd2 Rd8 14.Nc4 O-O 15.Bf4 Nd5
16.Bg3 Bf6 17.Qf3 Nb4 18.Qxc6 Nxc6 19.Bd6 Be7 20.Bf4 h6 21.Kf1 Rd5 22.Re4 Rfd8
23.Be3 Bf6 24.g4 Bd4 25.Ke2 h5 26.h3 hxg4 27.hxg4 Bxe3 28.fxe3 Rg5 29.Rf1 Nb4
30.Kd1 Nd5 31.Rg1 Nf6 32.Rf4 e5 33.Rf5 Rxf5 34.gxf5 e4 35.Ke2 Rd5 36.dxe4 Nxe4
37.Rg4 Nf6 38.Rh4 g6 39.fxg6 fxg6 40.c3 Kg7 41.e4 Rd7 42.e5 Re7 43.Kf3 Nd7
44.Re4 g5 45.Re3 Kg6 46.Kg4 Re6 47.Rd3 Nxe5+ 48.Nxe5+ Rxe5 49.Rd7 Re4+ 50.Kf3 Ra4
51.Rxb7 Rxa5 52.Kg4 Ra4+ 53.b4 cxb4 54.cxb4 a5 55.Rb6+ Kf7 56.Kxg5 axb4 57.Kf5 Ke7
58.Ke5 Kd7 59.Kd5 Kc7 60.Rb5  1/2-1/2

[Event "Monarch Assurance"]
[Site "Port Erin IOM"]
[Date "2004.10.01"]
[Round "7"]
[White "Sprenger,J"]
[Black "Agrest,E"]
[Result "1/2-1/2"]
[WhiteElo "2477"]
[BlackElo "2602"]

1.e4 c5 2.Nf3 d6 3.Bb5+ Nd7 4.d4 cxd4 5.Qxd4 a6 6.Bxd7+ Bxd7 7.Bg5 Rc8 8.Nc3 Bg4
9.O-O-O h6 10.Be3 e5 11.Qa4+ Qd7 12.Qxd7+ Bxd7 13.Ne1 Nf6 14.f3 b5 15.Nd3 a5
16.a3 Be7 17.Bb6 Ra8 18.b4 axb4 19.Nxb4 Rxa3 20.Kb2 Ra8 21.Bc7 O-O 22.Bxd6 Bxd6
23.Rxd6 Be6 24.Ra1 Rxa1 25.Kxa1 Rc8 26.Kb2 Kf8 27.Ncd5 Nd7 28.Nd3 Rb8 29.N5b4 Ke7
30.Ra6 Rc8 31.Nc6+ Kf6 32.Ka3 g5 33.Kb4 Kg7 34.Kxb5 Nb8 35.Nxb8 Bc4+ 36.Kb4 Bxa6
37.Nxa6 Rxc2 38.Nxe5 Rxg2 39.Kc3 Rf2 40.Kd4 f6 41.Ng4 Rxf3 42.Nc7 Rh3 43.Nd5 f5
44.exf5 Rh4 45.Ne3 h5 46.f6+ Kg6 47.Ke5 hxg4 48.f7 Kxf7 49.Kf5 Rxh2 50.Nxg4 Rh5
51.Ne5+ Kg7 52.Ng4 Kh7 53.Kf6 Rh1 54.Kxg5 Rf1 55.Nf6+ Kg7 56.Nh5+ Kf7 57.Nf4 Ke7
58.Kf5 Re1 59.Nd3 Re3 60.Ne5 Re2 61.Nc4 Re1 62.Nd2 Kd6 63.Ne4+ Kd5 64.Nf6+ Kd4
65.Ng4 Rg1 66.Nf6 Rf1+ 67.Ke6 Rf4 68.Nd7 Re4+ 69.Kf5 Re7 70.Nf6 Re5+ 71.Kf4 Ra5
72.Ng4 Ra1 73.Kf5 Rf1+ 74.Ke6 Rf4 75.Nf6 Rf1  1/2-1/2

[Event "Tatry Open"]
[Site "Tatranske Zruby SVK"]
[Date "2004.10.01"]
[Round "8"]
[White "Sikorova,O"]
[Black "Vojtek,V"]
[Result "1-0"]
[WhiteElo "2268"]
[BlackElo "2338"]

1.e4 c5 2.Nf3 d6 3.Bb5+ Nd7 4.O-O Nf6 5.Re1 e6 6.c3 Be7 7.d4 O-O 8.Ba4 Qc7
9.e5 Nd5 10.c4 Nb4 11.a3 Nc6 12.exd6 Bxd6 13.dxc5 Nxc5 14.Bc2 Be7 15.b4 Rd8
16.Qe2 Bf6 17.Ra2 Nd7 18.Bb2 Bxb2 19.Rxb2 Nf6 20.Nc3 b6 21.Ne4 Qe7 22.c5 bxc5
23.Nxc5 Bd7 24.h3 Be8 25.Bb1 a5 26.Rc1 axb4 27.axb4 Nd4 28.Nxd4 Rxd4 29.b5 Rd5
30.Ne4 Rb8 31.b6 Nd7 32.b7 f5 33.Ng3 Re5 34.Qd2 Nc5 35.Qf4 Qd6 36.Re2 Nd7
37.Nxf5 exf5 38.Bxf5 g5 39.Qg3 Bh5 40.Rxe5 Nxe5 41.Qxg5+ Bg6 42.Bc8 Kg7  1-0